1749 1526 1989 1014 1843 1436 1676 1218 1470 1479 1057 1749 1928 1115 1731 1152 1891 1482 1403 1828 1250 1398 1346 1665 1722 1794 1847 1368 1717 1958 1261 1927 1789 1031 1906 1437 1122 1082 1451 1284 1891 1951 1621 1511 1802 1785 1579 1214 1119 1560 1104 1180 1833 1696 1009 1455 1057 1637 1725 1015 1617 1588 1511 1564 1047 1656 1121 1379 1099 1237 1054 1009 1098 1791 1794 1349 1606 1607 1740 1749 1295 1940 1241 1371 1393 1450 1300 1560 1106 1222 1156 1311 1509 1881 1088 1036 1033 1801 1294 BCNSPRNW ULIB Ver.6.0+V

เปลี่ยนเป็นภาษาไทย

Change to English
 แสดงรายละเอียดบรรณานุกรม
  กลับหน้าหลัก

Brief Record : Get Marc (ISO 2709) : E-mail record : QR code < ปิดหน้าต่าง
LEADER : 00000nam 2200000uu 4500
001    13399112025
003     ULIB
008    110627s2553||||th 000 0 tha d
020    9786167081502
090    นว.^bท378อ 2553
100 0  ทานตะวัน
245 00 อุบัติเสน่หา/^cทานตะวัน
250    พิมพ์ครั้งที่ 1
260    กรุงเทพฯ :^bสมาร์ทบุ๊ค,^c2553
300    432 หน้า
710 1  สมาร์ทบุ๊ค
945    ^p270^l0^i028017
995    ทศพร
999 ^a ใช้งานได้ทุกระบบ
รายการนี้ยังไม่มีแท็ก
คุณยังไม่ได้ล็อกอิน คุณสามารถมีกิจกรรมร่วมกับเว็บไซต์ได้ แต่ต้องล็อกอินก่อน ::
  ล็อกอิน

รายการสื่อสารสนเทศ

ลำดับที่ ประเภท เลขเรียก/บาร์โค้ด สถานที่ สถานะ
- ไม่พบข้อมูล -

BibComment


ยังไม่เคยถูกคอมเมนท์

คอมเมนท์ทรัพยากรรายการนี้
  คอมเมนท์: อุบัติเสน่หา ทานต..


 Copyright 2026. Bcnsprnw @Library